[Event "Prague Golden op 10th"]
[Site "Prague"]
[Date "2014.06.23"]
[Round "2"]
[White "Rous, Frantisek"]
[Black "Netusil, Miloslav"]
[Result "0-1"]
[WhiteElo "2039"]
[BlackElo "2284"]
[PlyCount "34"]
[EventDate "2014.06.22"]
[EventType "swiss"]
[EventRounds "9"]
[EventCountry "CZE"]
[SourceTitle "CBM 161 Extra"]
[Source "ChessBase"]
[SourceDate "2014.08.29"]
[SourceVersion "1"]
[SourceVersionDate "2014.08.29"]
[SourceQuality "1"]

1. Nf3 d5 2. b3 Nf6 3. e3 Bg4 4. Bb2 Nbd7 5. Be2 e6 6. h3 Bxf3 7. Bxf3 Bd6 8. d4 0-0 9. 0-0 e5 10. dxe5 Bxe5 11. Nc3 c6 12. Na4 Qe7 13. Bxe5 Nxe5 14. Be2 Ne4 15. Qd4 f5 16. c4 dxc4 17. Bxc4+ Kh8 0-1

[Event "Prague Golden op"]
[Site "Prague"]
[Date "2010.07.??"]
[Round "1"]
[White "Parpel, Petr"]
[Black "Rous, Frantisek"]
[Result "1/2-1/2"]
[WhiteElo "1815"]
[BlackElo "2065"]
[PlyCount "149"]
[EventDate "2010.07.??"]
[EventType "swiss"]
[EventRounds "9"]
[EventCountry "CZE"]
[SourceTitle "EXT 2012"]
[Source "ChessBase"]
[SourceDate "2011.11.24"]
[SourceVersion "1"]
[SourceVersionDate "2011.11.24"]
[SourceQuality "1"]

1. d4 Nf6 2. c4 e6 3. Nc3 Bb4 4. e3 c5 5. d5 0-0 6. Be2 b6 7. Bd2 Bb7 8. Bf3 e5 9. e4 Ne8 10. a3 Ba5 11. Nge2 Nd6 12. b3 Na6 13. Ng3 f5 14. Nxf5 Nxf5 15. exf5 Rxf5 16. Be4 Rf7 17. 0-0 Qf6 18. Qc2 g6 19. f3 d6 20. Rf2 Bc8 21. Raf1 Bd7 22. Bd3 Qe7 23. Ne4 Bxd2 24. Qxd2 Nc7 25. Qh6 Raf8 26. g4 Rf4 27. h4 Ne8 28. h5 Qg7 29. Qxg7+ Kxg7 30. hxg6 hxg6 31. Kg2 Rh8 32. a4 a5 33. Kg3 Bc8 34. Rg1 Bd7 35. Rgg2 Rh1 36. Rh2 Rg1+ 37. Rfg2 Rxg2+ 38. Kxg2 Rf8 39. Kg3 Rf4 40. g5 Bf5 41. Rh6 Kg8 42. Kf2 Kg7 43. Ke3 Kg8 44. Nf2 Kg7 45. Nh3 Rxf3+ 46. Kxf3 Bxd3 47. Nf2 Bc2 48. Ke3 Bxb3 49. Kd3 Bxa4 50. Ne4 b5 51. cxb5 Bxb5+ 52. Kc3 Be2 53. Rh3 Bg4 54. Re3 a4 55. Kc4 Bd1 56. Ra3 Bb3+ 57. Kd3 c4+ 58. Ke3 Kf7 59. Ra1 Ke7 60. Rh1 a3 61. Rh7+ Kf8 62. Ra7 a2 63. Nc3 Nc7 64. Nxa2 Nxd5+ 65. Kd2 e4 66. Nc1 c3+ 67. Ke1 Bc4 68. Rd7 Nf4 69. Rxd6 Ke7 70. Rc6 Nd3+ 71. Nxd3 Bxd3 72. Rxc3 Kd6 73. Rc1 Kd5 74. Kf2 Kd4 75. Re1 1/2-1/2

[Event "Prague Golden op"]
[Site "Prague"]
[Date "2010.07.??"]
[Round "5"]
[White "Pribyl, Josef"]
[Black "Rous, Frantisek"]
[Result "1-0"]
[WhiteElo "2325"]
[BlackElo "2065"]
[PlyCount "81"]
[EventDate "2010.07.??"]
[EventType "swiss"]
[EventRounds "9"]
[EventCountry "CZE"]
[SourceTitle "EXT 2012"]
[Source "ChessBase"]
[SourceDate "2011.11.24"]
[SourceVersion "1"]
[SourceVersionDate "2011.11.24"]
[SourceQuality "1"]

1. Nf3 Nf6 2. c4 g6 3. b3 Bg7 4. Bb2 c5 5. g3 d6 6. Bg2 e5 7. 0-0 0-0 8. Nc3 Nc6 9. Ne1 Be6 10. Nd5 Qd7 11. Nc2 Ne8 12. f4 f5 13. e3 Rb8 14. d4 e4 15. Nc3 Ne7 16. Rf2 a6 17. Rd2 Qc7 18. Bf1 Nf6 19. Qe2 Rfd8 20. Rad1 Bf7 21. h3 h5 22. Qg2 b6 23. Be2 Be8 24. Kf2 Kh7 25. g4 Bf7 26. Rg1 Rg8 27. Nd1 d5 28. cxd5 Nfxd5 29. Qg3 b5 30. dxc5 Bxb2 31. Nxb2 Qxc5 32. Nd4 Rbd8 33. Nd1 Qb4 34. Ke1 Nf6 35. Qh4 Rxd4 36. exd4 e3 37. Qxf6 exd2+ 38. Kf2 Rg7 39. gxh5 Nd5 40. hxg6+ Bxg6 41. Qh4+ 1-0

[Event "CZE-chT1W 0809"]
[Site "Czech Republic"]
[Date "2008.11.02"]
[Round "2.8"]
[White "Janocko, Petr"]
[Black "Rous, Frantisek"]
[Result "1-0"]
[WhiteElo "2047"]
[BlackElo "2077"]
[PlyCount "45"]
[EventDate "2008.10.19"]
[EventType "tourn"]
[EventRounds "11"]
[EventCountry "CZE"]
[SourceTitle "EXT 2010"]
[Source "ChessBase"]
[SourceDate "2010.11.25"]
[SourceVersion "1"]
[SourceVersionDate "2010.11.25"]
[SourceQuality "1"]
[WhiteTeam "Plzen Letna"]
[BlackTeam "Praha Holdia"]
[WhiteTeamCountry "CZE"]
[BlackTeamCountry "CZE"]

1. d4 Nf6 2. Nf3 d5 3. c4 c6 4. g3 e6 5. Qc2 Nbd7 6. Bg2 Be7 7. 0-0 0-0 8. Bf4 dxc4 9. Qxc4 Nb6 10. Qc2 Nbd5 11. Bd2 Qb6 12. a3 Qa6 13. Re1 Rd8 14. e4 Nc7 15. Nc3 b5 16. Bf4 Qb6 17. Bxc7 Qxc7 18. Nxb5 Qb7 19. Nc3 c5 20. d5 Rb8 21. d6 Bf8 22. e5 Nd7 23. Ng5 1-0

[Event "CZE-chT1W 0708"]
[Site "Czech Republic"]
[Date "2008.01.06"]
[Round "5.7"]
[White "Kuba, Jindrich"]
[Black "Rous, Frantisek"]
[Result "1-0"]
[WhiteElo "2225"]
[BlackElo "2111"]
[PlyCount "67"]
[EventDate "2007.10.28"]
[EventType "team-tourn"]
[EventRounds "11"]
[EventCountry "CZE"]
[SourceTitle "EXT 2009"]
[Source "ChessBase"]
[SourceDate "2008.11.26"]
[SourceVersion "1"]
[SourceVersionDate "2008.11.26"]
[SourceQuality "1"]
[WhiteTeam "Praha CSOB"]
[BlackTeam "Praha Holdia"]
[WhiteTeamCountry "CZE"]
[BlackTeamCountry "CZE"]

1. e4 c5 2. Nf3 d6 3. d4 cxd4 4. Nxd4 Nf6 5. Nc3 a6 6. Bg5 e6 7. f4 Be7 8. Qf3 Nbd7 9. 0-0-0 h6 10. Bxf6 Bxf6 11. g4 g5 12. Nxe6 fxe6 13. Rxd6 Bxc3 14. Rxe6+ Kf7 15. Bc4 Bd2+ 16. Kb1 Kg7 17. fxg5 Qxg5 18. h4 Rf8 19. Qd3 Qe3 20. Qd6 Qf3 21. Qd4+ Nf6 22. Re7+ Kh8 23. Rf1 Qe3 24. Qe5 Bxg4 25. Bf7 Bc3 26. bxc3 Qb6+ 27. Ka1 Rad8 28. Qxf6+ Qxf6 29. Rxf6 h5 30. Rh6+ Kg7 31. Rg6+ Kh7 32. Rg5 Rd6 33. Bg8+ Kh8 34. Rh7# 1-0

[Event "CZE-chT1W 0708"]
[Site "Czech Republic"]
[Date "2007.11.11"]
[Round "2.7"]
[White "Rous, Frantisek"]
[Black "Vokoun, Jan"]
[Result "0-1"]
[WhiteElo "2111"]
[BlackElo "2217"]
[PlyCount "50"]
[EventDate "2007.10.28"]
[EventType "team-tourn"]
[EventRounds "11"]
[EventCountry "CZE"]
[SourceTitle "EXT 2009"]
[Source "ChessBase"]
[SourceDate "2008.11.26"]
[SourceVersion "1"]
[SourceVersionDate "2008.11.26"]
[SourceQuality "1"]
[WhiteTeam "Praha Holdia"]
[BlackTeam "Praha Pankrac"]
[WhiteTeamCountry "CZE"]
[BlackTeamCountry "CZE"]

1. e4 c5 2. Nf3 e6 3. d4 cxd4 4. Nxd4 a6 5. Nc3 Qc7 6. Bd3 Bd6 7. Nf3 Nc6 8. 0-0 Nf6 9. Ne2 b6 10. h3 Bb7 11. Be3 0-0 12. c3 Be7 13. Ng3 d5 14. Qe2 dxe4 15. Nxe4 Nd5 16. Neg5 g6 17. g3 Nxe3 18. Qxe3 Bc5 19. Qf4 Qxf4 20. gxf4 Rad8 21. Rad1 Bd6 22. Ne4 Bxf4 23. h4 h6 24. Bc2 Kg7 25. Nfd2 f5 0-1

[Event "CZE-chT1W 0708"]
[Site "Czech Republic"]
[Date "2007.10.28"]
[Round "1.8"]
[White "Rous, Frantisek"]
[Black "Bicek, Richard"]
[Result "0-1"]
[WhiteElo "2111"]
[BlackElo "2080"]
[PlyCount "94"]
[EventDate "2007.10.28"]
[EventType "team-tourn"]
[EventRounds "11"]
[EventCountry "CZE"]
[SourceTitle "EXT 2009"]
[Source "ChessBase"]
[SourceDate "2008.11.26"]
[SourceVersion "1"]
[SourceVersionDate "2008.11.26"]
[SourceQuality "1"]
[WhiteTeam "Praha Holdia"]
[BlackTeam "Karlovy Vary"]
[WhiteTeamCountry "CZE"]
[BlackTeamCountry "CZE"]

1. d4 d5 2. Nf3 Nf6 3. c4 e6 4. Nc3 Be7 5. Bg5 0-0 6. e3 b6 7. cxd5 exd5 8. Bd3 Bb7 9. 0-0 Ne4 10. Bxe7 Qxe7 11. Qb3 c6 12. Qc2 f5 13. Ne5 Nd7 14. Nxd7 Qxd7 15. Ne2 Rf6 16. Rad1 Raf8 17. Nf4 Qe7 18. Be2 Rh6 19. g3 g5 20. Ng2 f4 21. f3 Nd6 22. exf4 gxf4 23. g4 Rh3 24. Rf2 Qg5 25. Bf1 Rh6 26. Re1 Qg7 27. Qd2 Rhf6 28. b3 R6f7 29. h4 h6 30. h5 Rf6 31. Bd3 c5 32. dxc5 bxc5 33. Qa5 c4 34. bxc4 Nxc4 35. Qxa7 Ra6 36. Qc5 Raf6 37. Bg6 Rc8 38. Qd4 Rxg6 39. Qxf4 Rf6 40. Qg3 Qc7 41. f4 Rf7 42. Re6 Nd6 43. Qd3 Ne4 44. Rf1 Qc5+ 45. Kh2 Rc6 46. Re8+ Rf8 47. Re5 Ba6 0-1

[Event "CZE-chT1W 0607"]
[Site "Czech Republic"]
[Date "2007.03.18"]
[Round "10.6"]
[White "Rous, Frantisek"]
[Black "Smid, Miroslav"]
[Result "0-1"]
[WhiteElo "2100"]
[BlackElo "2202"]
[PlyCount "104"]
[EventDate "2006.10.29"]
[EventType "team-tourn"]
[EventRounds "11"]
[EventCountry "CZE"]
[SourceTitle "EXT 2009"]
[Source "ChessBase"]
[SourceDate "2008.11.26"]
[SourceVersion "1"]
[SourceVersionDate "2008.11.26"]
[SourceQuality "1"]
[WhiteTeam "Praha Holdia"]
[BlackTeam "Bohemians"]
[WhiteTeamCountry "CZE"]
[BlackTeamCountry "CZE"]

1. d4 Nf6 2. Nf3 g6 3. Nc3 d6 4. e4 c6 5. a4 Bg7 6. Bc4 0-0 7. 0-0 d5 8. Bd3 dxe4 9. Nxe4 Nbd7 10. c3 Nxe4 11. Bxe4 Nf6 12. Bd3 Qc7 13. Re1 b6 14. Qe2 e6 15. Ne5 Nd5 16. Bd2 Bb7 17. c4 Nf6 18. a5 Rad8 19. a6 Ba8 20. Bc3 Nd7 21. c5 Bxe5 22. dxe5 Nxc5 23. Bc2 Nd7 24. Ra4 c5 25. Rh4 Rfe8 26. Rh3 Nf8 27. Rg3 Rd7 28. Bd2 Rd5 29. Bg5 Nd7 30. f4 c4 31. Qg4 Qc5+ 32. Kh1 Qf2 33. Qe2 Qxe2 34. Rxe2 Nc5 35. h4 Nxa6 36. h5 Nb4 37. hxg6 fxg6 38. Bf6 Nxc2 39. Rxc2 b5 40. b3 Rd1+ 41. Kh2 Bd5 42. Ra2 Ra8 43. bxc4 Bxc4 44. Ra6 Rd7 45. f5 exf5 46. e6 Rb7 47. Rd6 Rb6 48. Rd7 Rxe6 49. Bd4 Re4 50. Rg7+ Kf8 51. Bf6 Re6 52. Bc3 Re7 0-1

[Event "CZE-chT1W 0607"]
[Site "Czech Republic"]
[Date "2007.03.04"]
[Round "9.7"]
[White "Rous, Frantisek"]
[Black "Kohout, Vratislav"]
[Result "1-0"]
[WhiteElo "2100"]
[BlackElo "2179"]
[PlyCount "79"]
[EventDate "2006.10.29"]
[EventType "team-tourn"]
[EventRounds "11"]
[EventCountry "CZE"]
[SourceTitle "EXT 2009"]
[Source "ChessBase"]
[SourceDate "2008.11.26"]
[SourceVersion "1"]
[SourceVersionDate "2008.11.26"]
[SourceQuality "1"]
[WhiteTeam "Praha Holdia"]
[BlackTeam "Vrsovice"]
[WhiteTeamCountry "CZE"]
[BlackTeamCountry "CZE"]

1. e4 e6 2. d3 d5 3. Nd2 c5 4. Ngf3 Nc6 5. g3 g6 6. Bg2 Bg7 7. 0-0 Nge7 8. Re1 0-0 9. c3 b5 10. exd5 exd5 11. Nb3 d4 12. cxd4 cxd4 13. Bg5 Be6 14. Rc1 Rc8 15. a3 h6 16. Bd2 Bf5 17. Nc5 g5 18. Qb3 Qb6 19. h3 Rfd8 20. g4 Bg6 21. h4 gxh4 22. Nxh4 Ne5 23. Nxg6 N7xg6 24. Nb7 Rxc1 25. Rxc1 Rb8 26. f4 Nxg4 27. Rc6 Qxb7 28. Rxg6 Qd7 29. Bh3 h5 30. Rg5 Rb6 31. Rxh5 Rg6 32. f5 Qd6 33. Bg2 Rf6 34. Qxb5 Bh6 35. Qe8+ Kg7 36. Bxh6+ Rxh6 37. Rg5+ Kf6 38. Rxg4 Kxf5 39. Qe4+ Kf6 40. Qxd4+ 1-0

[Event "CZE-chT1W 0607"]
[Site "Czech Republic"]
[Date "2006.11.26"]
[Round "3.7"]
[White "Rous, Frantisek"]
[Black "Kuba, Jindrich"]
[Result "0-1"]
[WhiteElo "2100"]
[BlackElo "2261"]
[PlyCount "118"]
[EventDate "2006.10.29"]
[EventType "team-tourn"]
[EventRounds "11"]
[EventCountry "CZE"]
[SourceTitle "EXT 2009"]
[Source "ChessBase"]
[SourceDate "2008.11.26"]
[SourceVersion "1"]
[SourceVersionDate "2008.11.26"]
[SourceQuality "1"]
[WhiteTeam "Praha Holdia"]
[BlackTeam "Praha CSOB"]
[WhiteTeamCountry "CZE"]
[BlackTeamCountry "CZE"]

1. d4 Nf6 2. Nf3 d5 3. Bg5 Ne4 4. Bf4 c5 5. e3 Nc6 6. c3 Qb6 7. Qb3 c4 8. Qxb6 axb6 9. Na3 e5 10. Nb5 Ra5 11. Nc7+ Kd8 12. Nxd5 exf4 13. Nxb6 fxe3 14. fxe3 Be6 15. Nxc4 Bxc4 16. Bxc4 f6 17. Bd3 Nd6 18. a3 b5 19. Nd2 Ra7 20. 0-0 Be7 21. e4 Re8 22. Rae1 Bf8 23. Re2 Rae7 24. Ref2 Na5 25. e5 Ndc4 26. Nxc4 bxc4 27. Bxh7 Rb7 28. Bg6 Ree7 29. exf6 gxf6 30. Rxf6 Bg7 31. R6f2 Rb6 32. Bf5 Bh6 33. Kh1 Nb3 34. g4 Nd2 35. Rd1 Rxb2 36. Rg2 Bg5 37. h4 Bf4 38. g5 Rb5 39. g6 Rg7 40. Be6 Ne4 41. Bxc4 Rh5 42. Rd3 Rxh4+ 43. Kg1 Rb7 44. Rf3 Rb1+ 45. Bf1 Nd2 46. Rxf4 Rxf4 47. g7 Rfxf1+ 48. Kh2 Rh1+ 49. Kg3 Ne4+ 50. Kf4 Nf6 51. Ke5 Ng8 52. Rf2 Rhe1+ 53. Kd6 Rb6+ 54. Kc5 Rb7 55. d5 Rxg7 56. c4 Rc7+ 57. Kd6 Rxc4 58. a4 Rxa4 59. Rb2 Ra6+ 0-1

[Event "Prague Visus op"]
[Site "Prague"]
[Date "2005.07.07"]
[Round "6"]
[White "Wiener, Richard"]
[Black "Rous, Frantisek"]
[Result "0-1"]
[WhiteElo "2038"]
[BlackElo "2106"]
[PlyCount "40"]
[EventDate "2005.07.02"]
[EventType "swiss"]
[EventRounds "9"]
[EventCountry "CZE"]
[SourceTitle "CBM 107 Extra"]
[Source "ChessBase"]
[SourceDate "2005.09.01"]
[SourceVersion "1"]
[SourceVersionDate "2005.09.01"]
[SourceQuality "1"]

1. e4 c5 2. c3 d5 3. exd5 Qxd5 4. Nf3 Nf6 5. d4 Nc6 6. Be3 cxd4 7. Nxd4 e5 8. Nxc6 Qxc6 9. Qb3 Bd7 10. f3 Be7 11. Bc4 0-0 12. Nd2 b5 13. Bd3 Nd5 14. Bf2 Nf4 15. Be4 Qd6 16. Bxa8 Qd3 17. Kd1 Qe2+ 18. Kc1 Nd3+ 19. Kb1 Nxf2 20. Ne4 Nxh1 0-1

[Event "Landesliga Nord 0405"]
[Site "Bayern"]
[Date "2004.12.12"]
[Round "4.2"]
[White "Saathoff, Richard"]
[Black "Rous, Frantisek"]
[Result "1-0"]
[WhiteElo "2044"]
[BlackElo "2075"]
[PlyCount "63"]
[EventDate "2004.10.24"]
[EventType "team-tourn"]
[EventRounds "9"]
[EventCountry "GER"]
[SourceTitle "EXT 2008"]
[Source "ChessBase"]
[SourceDate "2007.11.25"]
[SourceVersion "1"]
[SourceVersionDate "2007.11.25"]
[SourceQuality "1"]
[WhiteTeam "Nuernberg Sued SW"]
[BlackTeam "Bamberg SC II"]
[WhiteTeamCountry "GER"]
[BlackTeamCountry "GER"]

1. e4 c5 2. Nf3 d6 3. d4 cxd4 4. Nxd4 Nf6 5. Nc3 a6 6. Qf3 g6 7. h3 Bg7 8. Be3 Bd7 9. g4 Nc6 10. g5 Nh5 11. Nb3 b5 12. Be2 Rc8 13. Qg2 Nb4 14. Rc1 Rxc3 15. bxc3 Nxa2 16. Rd1 Nxc3 17. Bxh5 gxh5 18. Bd4 Bxd4 19. Rxd4 Qb6 20. Qf3 b4 21. Qxh5 Be6 22. Qh6 Rg8 23. Rd2 Nxe4 24. Qxh7 Rg6 25. Qh8+ Kd7 26. Qd4 Qb7 27. Re2 Bxb3 28. h4 Bd5 29. Rh3 f5 30. f4 Nc3 31. Rd2 Re6+ 32. Re3 1-0

[Event "Landesliga Nord 0405"]
[Site "Bayern"]
[Date "2004.11.28"]
[Round "3.2"]
[White "Rous, Frantisek"]
[Black "Just, Hannes"]
[Result "1-0"]
[WhiteElo "2075"]
[BlackElo "2032"]
[PlyCount "57"]
[EventDate "2004.10.24"]
[EventType "team-tourn"]
[EventRounds "9"]
[EventCountry "GER"]
[SourceTitle "EXT 2008"]
[Source "ChessBase"]
[SourceDate "2007.11.25"]
[SourceVersion "1"]
[SourceVersionDate "2007.11.25"]
[SourceQuality "1"]
[WhiteTeam "Bamberg SC II"]
[BlackTeam "Nuernberg NT II"]
[WhiteTeamCountry "GER"]
[BlackTeamCountry "GER"]

1. e4 d6 2. d4 Nf6 3. Nc3 g6 4. Be3 c6 5. Qd2 Nbd7 6. f3 b5 7. Bd3 Bb7 8. Nh3 a6 9. Ne2 Qc7 10. c3 Bg7 11. Nf2 Nb6 12. b3 e6 13. Bh6 Bxh6 14. Qxh6 0-0-0 15. a4 d5 16. e5 Ne8 17. axb5 cxb5 18. 0-0 Kb8 19. Rfc1 Rc8 20. Qd2 Ng7 21. Qa2 Nf5 22. Bxb5 Rcf8 23. Bxa6 Ba8 24. Nd3 g5 25. Nc5 g4 26. f4 Qc6 27. Bd3 Nh4 28. Qa7+ Kc8 29. Ra6 1-0

[Event "Prague Visus op"]
[Site "Prague"]
[Date "2004.??.??"]
[Round "?"]
[White "Rous, Frantisek"]
[Black "Hausner, Ivan"]
[Result "0-1"]
[WhiteElo "2088"]
[BlackElo "2419"]
[PlyCount "70"]
[EventDate "2004.07.??"]
[EventType "swiss"]
[EventRounds "9"]
[EventCountry "CZE"]
[SourceTitle "EXT 2006"]
[Source "ChessBase"]
[SourceDate "2005.11.24"]
[SourceVersion "1"]
[SourceVersionDate "2005.11.24"]
[SourceQuality "1"]

1. e4 c5 2. Nf3 d6 3. d4 cxd4 4. Nxd4 Nf6 5. Nc3 a6 6. Bg5 e6 7. Qd2 Be7 8. f4 h6 9. Bxf6 Bxf6 10. 0-0-0 Nd7 11. Bc4 Nb6 12. Bb3 Bd7 13. Kb1 Rc8 14. Nde2 Be7 15. g4 g5 16. Nd4 Rg8 17. e5 d5 18. Rhf1 Qc7 19. Nde2 Rf8 20. Nd4 Bc5 21. Qf2 Bc6 22. f5 Bxd4 23. Rxd4 Nd7 24. Re1 Nc5 25. Rdd1 b5 26. Qe3 Qb6 27. h4 b4 28. Nxd5 Bxd5 29. Bxd5 exd5 30. hxg5 hxg5 31. Rxd5 Rh8 32. Red1 Qc6 33. Rd6 Qc7 34. Qxg5 Ne4 35. Qg7 Qxc2+ 0-1

[Event "Prague Visus op"]
[Site "Prague"]
[Date "2004.??.??"]
[Round "?"]
[White "Vavrinec, Tomas"]
[Black "Rous, Frantisek"]
[Result "1-0"]
[WhiteElo "2096"]
[BlackElo "2088"]
[PlyCount "64"]
[EventDate "2004.07.??"]
[EventType "swiss"]
[EventRounds "9"]
[EventCountry "CZE"]
[SourceTitle "EXT 2006"]
[Source "ChessBase"]
[SourceDate "2005.11.24"]
[SourceVersion "1"]
[SourceVersionDate "2005.11.24"]
[SourceQuality "1"]

1. d4 Nf6 2. Nc3 d5 3. Bg5 Nbd7 4. e3 c6 5. Nf3 Qa5 6. Nd2 e6 7. Nb3 Qc7 8. Bd3 Be7 9. f4 h6 10. Bh4 b6 11. 0-0 Bb7 12. Nd2 g5 13. Bg3 Bd6 14. Qf3 0-0-0 15. e4 gxf4 16. Bxf4 e5 17. dxe5 Nxe5 18. Qh3+ Kb8 19. exd5 Nxd5 20. Nxd5 cxd5 21. Bf5 h5 22. Nf3 f6 23. Nd4 Rdg8 24. Rae1 Ba6 25. Rf2 Ng4 26. Bxd6 Qxd6 27. Rd2 Ne5 28. b3 Bb7 29. c3 Rg7 30. Rf2 Rhg8 31. Be6 Re8 32. Ref1 Ng4 1-0

[Event "Landesliga Nord 0304"]
[Site "Bayern"]
[Date "2003.11.23"]
[Round "3.3"]
[White "Schatz, Christian"]
[Black "Rous, Frantisek"]
[Result "1/2-1/2"]
[WhiteElo "2129"]
[BlackElo "2050"]
[PlyCount "141"]
[EventDate "2003.10.??"]
[EventType "team-tourn"]
[EventRounds "9"]
[EventCountry "GER"]
[SourceTitle "EXT 2006"]
[Source "ChessBase"]
[SourceDate "2005.11.24"]
[SourceVersion "1"]
[SourceVersionDate "2005.11.24"]
[SourceQuality "1"]
[WhiteTeam "Asittenbach"]
[BlackTeam "Bamberg II"]
[WhiteTeamCountry "GER"]
[BlackTeamCountry "GER"]

1. d4 Nf6 2. Nf3 g6 3. c4 Bg7 4. Nc3 d6 5. e4 0-0 6. Be2 e5 7. dxe5 dxe5 8. Qxd8 Rxd8 9. Nd5 Nxd5 10. cxd5 c6 11. Bc4 cxd5 12. Bxd5 Nc6 13. Bg5 Re8 14. Bxc6 bxc6 15. 0-0-0 Be6 16. Kb1 f6 17. Be3 Bf8 18. Rc1 Rec8 19. Nd2 Rab8 20. Rc2 Rb5 21. b3 a5 22. Ka1 Bd7 23. Nc4 Be8 24. Rd1 Ra8 25. Nd6 Bxd6 26. Rxd6 a4 27. bxa4 Rxa4 28. Rd8 Kf7 29. f3 h5 30. Rb2 Ke7 31. Rdd2 Bf7 32. Rxb5 cxb5 33. Bc5+ Ke8 34. a3 Rc4 35. Bb6 Rc8 36. Kb2 Be6 37. h4 Ke7 38. Ba5 Bc4 39. Bb4+ Ke6 40. Rd6+ Kf7 41. Rd7+ Kg8 42. Be7 Rc6 43. Bb4 Bf1 44. Rd2 Rc7 45. Rf2 Bc4 46. Bc3 Bd3 47. Rd2 Bc4 48. Rd6 Rf7 49. g3 Kg7 50. f4 Re7 51. fxe5 fxe5 52. Kc2 Kf7 53. Rc6 Rd7 54. Rc5 Bd3+ 55. Kb2 Bxe4 56. Rxb5 Rd5 57. Rxd5 Bxd5 58. Bxe5 Ke6 59. Bf4 Kd7 60. Kc3 Kc6 61. Kd4 Bb3 62. Kc3 Bd1 63. Kb4 Kb6 64. a4 Ka6 65. a5 Be2 66. Be3 Bg4 67. Bb6 Bf5 68. Kc5 Bb1 69. Kd6 Bc2 70. Ke7 Bb1 71. Kf6 1/2-1/2

[Event "Prague ProMoPro op"]
[Site "Prague"]
[Date "2002.09.13"]
[Round "7.11"]
[White "Rous, Frantisek"]
[Black "Chalupa, Ivan"]
[Result "0-1"]
[WhiteElo "2083"]
[BlackElo "2128"]
[PlyCount "110"]
[EventDate "2002.09.07"]
[EventType "swiss"]
[EventRounds "9"]
[EventCountry "CZE"]
[SourceTitle "EXT 2003"]
[Source "ChessBase"]
[SourceDate "2002.11.25"]
[SourceVersion "1"]
[SourceVersionDate "2002.11.25"]
[SourceQuality "1"]

1. e4 e5 2. Nf3 Nc6 3. Bb5 a6 4. Ba4 Nf6 5. 0-0 Be7 6. Re1 b5 7. Bb3 0-0 8. a4 b4 9. d3 d6 10. Nbd2 Na5 11. Ba2 c5 12. Nf1 Be6 13. Ne3 Rb8 14. Bd2 Qd7 15. Bxe6 fxe6 16. b3 Nc6 17. Nc4 Bd8 18. Rf1 Bc7 19. Qe2 Rbe8 20. Bg5 h6 21. Bh4 Qf7 22. Bg3 Nh5 23. Rae1 Nf4 24. Bxf4 Qxf4 25. Qe3 Qf6 26. h3 Rf7 27. Nh2 g5 28. f3 Kh7 29. Ng4 Qf4 30. Qf2 Rff8 31. Nce3 Qf7 32. Nh2 Ne7 33. Kh1 Ng6 34. Re2 Rc8 35. Rd2 Rfd8 36. Rg1 Kg7 37. g3 Rf8 38. Qg2 Kh7 39. Rf2 Qg7 40. Rgf1 Rf7 41. Rg1 Rcf8 42. Qf1 Qf6 43. Neg4 Qe7 44. Ne3 Qf6 45. Qe2 Qd8 46. Rfg2 Rg8 47. Qd2 h5 48. Qe2 Kh6 49. h4 gxh4 50. Qd2 Kh7 51. gxh4 Qxh4 52. Rg5 Bd8 53. R5g3 Rfg7 54. Qg2 Qf4 55. Qh3 Bh4 0-1

[Event "Prague ProMoPro op"]
[Site "Prague"]
[Date "2002.09.10"]
[Round "4.12"]
[White "Rous, Frantisek"]
[Black "Herskovic, Radek"]
[Result "1-0"]
[WhiteElo "2083"]
[BlackElo "2147"]
[PlyCount "97"]
[EventDate "2002.09.07"]
[EventType "swiss"]
[EventRounds "9"]
[EventCountry "CZE"]
[SourceTitle "EXT 2003"]
[Source "ChessBase"]
[SourceDate "2002.11.25"]
[SourceVersion "1"]
[SourceVersionDate "2002.11.25"]
[SourceQuality "1"]

1. e4 Nf6 2. e5 Nd5 3. Nc3 Nxc3 4. bxc3 d6 5. f4 g6 6. d4 Bg7 7. Nf3 0-0 8. Bd3 c5 9. 0-0 cxd4 10. cxd4 Nc6 11. c3 Bg4 12. h3 Bxf3 13. Rxf3 e6 14. Ba3 dxe5 15. Bxf8 Qxf8 16. fxe5 Rc8 17. Rb1 b6 18. Qa4 Rc7 19. Rbf1 Nd8 20. Be4 Qe7 21. Kh2 Bf8 22. R1f2 Qh4 23. Rf4 Qe7 24. R4f3 Qh4 25. Re2 Qe7 26. g3 Bg7 27. Ref2 Bh6 28. h4 Bf8 29. Kg2 Bg7 30. Rf1 Rc8 31. h5 Rc7 32. Rh1 Bf8 33. Qc2 Qg5 34. hxg6 hxg6 35. Rhf1 Bg7 36. R1f2 Bh6 37. Qa4 Qe7 38. Qb5 Bg7 39. a4 Qd7 40. Qb3 Qc8 41. Rf1 Nc6 42. Bxc6 Rxc6 43. Rxf7 Rxc3 44. Qb5 Rc2+ 45. Kh3 Rc7 46. Rxc7 Qxc7 47. Qe8+ Kh7 48. Rf4 Qb7 49. Kh2 1-0